| 000 | 00613nam a2200205 a 4500 | ||
|---|---|---|---|
| 003 | OSt | ||
| 005 | 20240226121048.0 | ||
| 008 | 180219t2013 xxu | |||| 000 d urd d | ||
| 020 | _a9789693503470 | ||
| 040 | _c0 | ||
| 082 |
_a891.4392 _bBAN 2013 |
||
| 100 | 1 |
_aبانوقدسیہ _9121226 |
|
| 245 | 1 | 1 |
_aدوسراقدم _cBano Qudsia |
| 246 | _aDoora Qadam | ||
| 260 |
_aLahore: _bSang e Meel Pub; _c2013. |
||
| 300 | _a526 p. | ||
| 650 |
_aUrdu literature _vDrama _9676 |
||
| 942 |
_2ddc _cBK _aSADA _k891.4392 BAN 2013 |
||
| 999 |
_c608166 _d608166 |
||